Statistics for SAT Words Click Quiz - B

Click here to take the quiz!

General Stats

  • This quiz has been taken 458 times
  • The average score is 11 of 15

Answer Stats

HintAnswer% Correct
Split into two pathsBifurcate
90%
Relax in warmthBask
87%
HarmlessBenign
85%
KindBenevolent
84%
Express sorrowBemoan
81%
ConcisenessBrevity
80%
Pass down after deathBequeath
78%
GrantBestow
77%
HostileBelligerent
76%
GrandioseBombastic
75%
ConfuseBemuse
70%
SupportButtress
66%
GroupBevy
61%
ComplexByzantine
57%
Tell a rumorBruit
40%

Score Distribution

Percentile by Number Answered

Percent of People with Each Score

Your Score History

You have not taken this quiz